000 00713nam a2200241 i 4500
001 19283
003 ES-MaACL
005 20231021062529.0
007 t|
008 020709s2002 sp ||||1| spa d
020 _a84-8310-197-1
080 _a821.133.1-31"19"
100 1 _aDelerm, Philippe.
_943370
245 1 3 _aLa quinta estación /
_cPhilippe Delerm ; traducción de Javier Albiñana.
250 _a1ª ed.
260 _aBarcelona :
_bTusquets,
_c2002.
300 _a151 p. ;
_c21 cm.
490 1 _aColección Andanzas ;
_v468
700 1 _aAlbiñana, Javier.
_919383
830 0 0 _aColección Andanzas
_v468
_9234359
852 _aES-MaACL
_jL-25719
_bR.131554
999 _c19283
_d19283